El caballero de la armadura oxidada (Registro nro. 46457)
[ vista simple ]
| 000 -CABECERA | |
|---|---|
| Longitud fija campo de control | 00690nam a2200253Ii 4500 |
| 003 - IDENTIFICADOR DEL NUMERO DE CONTROL | |
| Identificador del número de control | CO-ViMGA |
| 005 - FECHA Y HORA DE LA ULTIMA TRANSACCION | |
| Fecha y hora de la última transacción | 20260213220919.0 |
| 008 - CODIGOS DE INFORMACION DE LONGITUD FIJA | |
| Códigos de información de longitud fija | 241108s9999||||xx |||||||||||||| ||und|| |
| 020 ## - NUMERO INTERNACIONAL NORMALIZADO PARA LIBROS | |
| Número Internacional Normalizado para Libros (ISBN) | 8477204055 |
| 020 ## - NUMERO INTERNACIONAL NORMALIZADO PARA LIBROS | |
| Número Internacional Normalizado para Libros (ISBN) | 9788477204053 |
| 040 ## - FUENTE DE LA CATALOGACION | |
| Centro catalogador de origen | CO-ViMGA |
| Lengua de catalogación | spa |
| Normas de descripción | rda |
| Centro transcriptor | CO-ViMGA |
| 041 0# - CODIGO DE LENGUA | |
| Código de lengua del texto/banda sonora o título independiente | spa |
| 084 ## - Clasificación Local Alfanúmerica PNLB | |
| Número de clasificación | N FIS2c |
| 100 1# - PUNTO DE ACCESO PRINCIPAL-NOMBRE DE PERSONA | |
| Nombre de persona | Robert Fischer |
| 245 10 - TITULO PROPIAMENTE DICHO | |
| Título | El caballero de la armadura oxidada |
| 264 #1 - PRODUCCION, PUBLICACION , DISTRIBUCION, FABRICACION Y COPYRIGHT | |
| Lugar de producción, publicación, distribución, fabricación | Madrid, España : Obelisco, 2002 |
| 300 ## - DESCRIPCION FISICA | |
| Extensión | volumen |
| 336 ## - TIPO DE CONTENIDO | |
| Término de tipo de contenido | text |
| Código de tipo de contenido | txt |
| Fuente | rdacontent |
| 337 ## - TIPO DE MEDIO | |
| Nombre del tipo de medio | unmediated |
| Código del tipo de medio | n |
| Fuente | rdamedia |
| 338 ## - TIPO DE SOPORTE | |
| Nombre del tipo de soporte | volume |
| Código del tipo de soporte | nc |
| Fuente | rdacarrier |
| 940 ## - | |
| T&íacute;tulo uniforme | <a href="idficha_siabuc: 16612. -- ficha_no_siabuc:16944">idficha_siabuc: 16612. -- ficha_no_siabuc:16944</a> |
| 942 ## - ENTRADA DE ELEMENTOS AGREGADOS (KOHA) | |
| Fuente de clasificaión o esquema | Dewey Decimal Classification |
| Koha [por defecto] tipo de item | LIbro |
| Perdido | Estado Físico | No para préstamo | Forma de adquisición | Localización permanente | Localización actual | Localización en estanterías | Fecha adquisición | Signatura completa | Código de barras | Fecha última consulta | Número de copia | Fecha del precio de reemplazo | Tipo de item de Koha | Note pública | Fuente de clasificación o esquema | Préstamos totales | Fuente de adquisición |
|---|---|---|---|---|---|---|---|---|---|---|---|---|---|---|---|---|---|
| Colección General | Biblioteca Pública San Carlos de Guaroa - Eduardo Carranza | Biblioteca Pública San Carlos de Guaroa - Eduardo Carranza | Literatura | 02/19/2025 | N FIS2c | SG02411 | 02/19/2025 | Ej.1 | 02/19/2025 | Dewey Decimal Classification | |||||||
| Literatura General | Biblioteca Pública Departamental Eduardo Carranza - Villavicencio | Biblioteca Pública Departamental Eduardo Carranza - Villavicencio | Literatura | 07/15/2015 | N FIS2c | ECA23921 | 11/26/2024 | Ej.3 | 11/26/2024 | LIbro | 16612 | 21450 | ||||||
| Sala General | Biblioteca Pública Departamental Eduardo Carranza - Villavicencio | Biblioteca Pública Departamental Eduardo Carranza - Villavicencio | General | 02/05/2014 | N FIS2c | ECA22408 | 11/26/2024 | Ej.1 | 11/26/2024 | LIbro | 16612 | 21448 | ||||||
| Literatura General | Biblioteca Pública Departamental Eduardo Carranza - Villavicencio | Biblioteca Pública Departamental Eduardo Carranza - Villavicencio | Literatura | 07/08/2015 | N FIS2c | ECA23863 | 11/26/2024 | Ej.2 | 11/26/2024 | LIbro | 16612 | 21449 | ||||||
| Literatura General | Biblioteca Pública Granada - Boca del Monte | Biblioteca Pública Granada - Boca del Monte | Literatura | 05/11/2026 | C FIS | GRDA08126 | 05/11/2026 | Ej.1 | 05/11/2026 | LIbro | Dewey Decimal Classification | BIBLIOTECA NACIONAL DE COLOMBIA | |||||
| Literatura General | Biblioteca Pública San Juanito - Ernesto Maria Peña Romero | Biblioteca Pública San Juanito - Ernesto Maria Peña Romero | Literatura | 02/13/2026 | N FIS2 | SJU02513 | 02/13/2026 | Ej.1 | 02/13/2026 | Libro Literatura | Donación Claudia Lucía Castiblanco Pérez | Clasificación Local Facetada |